Introduction to operators on the hardy hilbert space (Record no. 754975)

MARC details
000 -LEADER
fixed length control field 00500nam a22001697a 4500
020 ## - INTERNATIONAL STANDARD BOOK NUMBER
ISBN 9781441922533
100 ## - MAIN ENTRY--AUTHOR NAME
Personal name Martinez-Avendano, Ruben A
245 ## - TITLE STATEMENT
Title Introduction to operators on the hardy hilbert space
260 ## - PUBLICATION, DISTRIBUTION, ETC. (IMPRINT)
Place of publication New York
Name of publisher Springer
Year of publication 2007
300 ## - PHYSICAL DESCRIPTION
Number of Pages xii+220
490 ## - SERIES STATEMENT
Series statement Graduate texts in mathematics
500 ## - GENERAL NOTE
General note Graduate texts in mathematics- 237
650 ## - SUBJECT ADDED ENTRY--TOPICAL TERM
Topical Term Toeplitz operators
700 ## - ADDED ENTRY--PERSONAL NAME
Personal name Rosenthal, Peter
942 ## - ADDED ENTRY ELEMENTS (KOHA)
Source of classification or shelving scheme Dewey Decimal Classification
Koha item type Book
Holdings
Withdrawn status Lost status Source of classification or shelving scheme Damaged status Not for loan Collection code Home Library Current Location Shelving location Date acquired Source of acquisition Cost, normal purchase price Full call number Accession Number Price effective from Koha item type
    Dewey Decimal Classification     Gift or donation Dept. of Mathematics Dept. of Mathematics General Stacks 08/01/2026 Donated by Dr. Krishna Kumar G on the completion of SERB sponsored project (UO. No: Ad.F1/1373/2021 dated 22/01/2024) 5125.07 515.733 MAR-I MATG233 12/01/2026 Book